Countries in NATO but not in the EU - Statistics

General Stats
  • This quiz has been taken 41 times
  • The average score is 8 of 9
Answer Stats
Year Country % Correct
1949 Norway
94%
1949 UK
91%
1949 USA
91%
2009 Albania
88%
1949 Canada
88%
1952 Turkey
82%
2020 North Macedonia
79%
2017 Montenegro
76%
1949 Iceland
74%
No matching quizzes found
Score Distribution
Percent of People with Each Score
Percentile by Number Answered
Your Score History
You have not taken this quiz